000 00397nam a2200133Ia 4500
008 240729s9999 xx 000 0 und d
245 0 _aKIU Journal of Science, Engineering and Technology
260 _aUganda
260 _bKampala International University
650 _aScience | Technology
856 _uhttps://doaj.org/toc/8bf4de73549046439b65265c88ac38a9
942 _2ddc
942 _cDOAJEJ
999 _c75080
_d75080
945 _a1
_bMadushi Gamage
_c1
_dMadushi Gamage